| 000 | 00577nam a22001937a 4500 | ||
|---|---|---|---|
| 003 | OSt | ||
| 005 | 20140310182043.0 | ||
| 008 | 130816t xxu||||| |||| 00| 0 eng d | ||
| 020 | _a9780023672606 | ||
| 050 |
_aB 1848.E5 _b.D445 1997 |
||
| 082 |
_aHS 194 _b.D47 1997 |
||
| 100 |
_aDescartes, Rene _d1596-1650. _911324 |
||
| 245 |
_aDiscourse on method and meditations / _cRene Descartes. |
||
| 260 |
_aU.S.A : _bThe Library of Liberal Arts, _cc1997. |
||
| 300 |
_axxiv, 143 p. ; _c20 cm. |
||
| 541 | _j1 | ||
| 650 |
_aScience. _xMethodology. _911325 |
||
| 942 |
_2lcc _cHS |
||
| 999 |
_c8817 _d8817 |
||